Les joueurs clash royal à Helsinki - Statistiques

Statistiques générales
  • Ce quiz a été pris 12 fois
  • Le résultat moyen est 12 sur 40
Statistiques - réponses
Top en 2022 Nationalité nom du joueur % Correct
1 Egyptien Mohamed Light
100%
8 Egyptien Mohamed Light
100%
1 Egyptien Mohamed Light
100%
2 Allemand Morten
67%
13 Allemand Morten
67%
2 Bresilien Pedro
67%
5 Bresilien Pedro
67%
3 Japonais Mugi
58%
1 Japonais Mugi
58%
2 Canadien Ryley
50%
3 Bresilien Lucas
42%
6 Dominicain Adriel
33%
10 Bresilien LucasXGamer
33%
6 Sud coreen Sandbox
33%
4 Bresilien Sub
33%
6 Chinois Lciop
25%
4 Bresilien Samuel Bassotto
25%
12 Bresilien Samuel Bassotto
25%
7 Japonais Taa
25%
8 Portugais Vitor75
25%
7 Americain Airsurfer
17%
4 Americain Airsurfer
17%
15 Allemand Faust
17%
11 Allemand Dominik
8%
8 Japonais Guriko
8%
9 Japonais KK19212
8%
13 Japonais Pandora
8%
3 Japonais Pandora
8%
5 Espagnol Ruben
8%
12 Canadien Sweep
8%
10 Portugais Vitor75
8%
11 Bresilien Wallace
8%
16 Mexicain Ardentoas
0%
7 Mexicain Ardentoas
0%
5 Italien Chief Keef
0%
15 Colombien Ender
0%
9 Chinois Higher
0%
14 Turc Kadir
0%
16 Chinois not afRaid
0%
14 Allemand Sosaa
0%
Aucun quiz correspondant
Distribution des résultats
% des personnes avec chaque résultat
Percentile par nombre de réponses
Votre historique - résultats
Vous n’avez pas pris ce quiz